| 000 | 00651nam a2200145Ia 4500 | ||
|---|---|---|---|
| 008 | 151213s9999 xx 000 0 und d | ||
| 100 | _aড. সত্যজিৎ কুমার ভদ্র্র। | ||
| 245 |
_aজৈব প্রযুক্তি ও এর ব্যবহার। _cড. সত্যজিৎ কুমার ভদ্র্র। |
||
| 260 |
_aঢাকা _bবিশ্ববিদ্যালয় মঞ্জুরী কমিশন। _c2007 |
||
| 300 | _a4401 p. | ||
| 650 | _aBangla | ||
| 650 | _aবিজ্ঞান | ||
| 700 | _aড. সত্যজিৎ কুমার ভদ্র্র। | ||
| 999 |
_c2791 _d2791 |
||